AU LIBRARIES
Centralized Library System Across Seven Campuses

Psychopathology (Record no. 47564)

MARC details
000 -LEADER
fixed length control field 00450nam a2200169 4500
005 - DATE AND TIME OF LATEST TRANSACTION
control field 20260511154105.0
008 - FIXED-LENGTH DATA ELEMENTS--GENERAL INFORMATION
fixed length control field 260511b |||||||| |||| 00| 0 eng d
020 ## - INTERNATIONAL STANDARD BOOK NUMBER
ISBN 9781032444345
082 ## - DEWEY DECIMAL CLASSIFICATION NUMBER
Classification number 150.195
Author Mark MAD-P
100 ## - MAIN ENTRY--AUTHOR
Author Name Maddux E.James
245 ## - TITLE STATEMENT
Title Psychopathology
Sub-Title Foundations For A Contemporary Understandigng
250 ## - EDITION STATEMENT
Edition statement 6th Ed
260 ## - PUBLICATION, DISTRIBUTION, ETC.
Place of Publication New York
Name of publisher, distributor, etc. Routledge Publishers
300 ## - PHYSICAL DESCRIPTION
Pages 717p
650 ## - SUBJECT ADDED ENTRY--TOPICAL TERM
Subject / Department Psychology
942 ## - ADDED ENTRY ELEMENTS (KOHA)
Koha item type Book
Holdings
Withdrawn status Lost status Damaged status Not for loan Collection code Permanent Location Current Location Shelving Location Date acquired Source of acquisition Inventory number Total Checkouts Full Call Number Accession No./Barcode Date last seen Koha item type
        Psychology Air University H-11 Campus Islamabad Air University H-11 Campus Islamabad Psychology Basement Floor 05/11/2026 Ali Book Services AUH11-01   150.195 MAD-P AUHEP0102 05/11/2026 Book
Air University Sector E-9, Islamabad Pakistan
Email: librarian@au.edu.pk  Tel : +0092 51 9262612 Ext: 631